MARC

LEADER 00000nam0a2200000 4500
001 323815
005 20231102003615.0
035 |a (RuTPU)RU\TPU\book\349402 
090 |a 323815 
100 |a 20161028d1980 m y0rusy50 ca 
101 0 |a rus 
102 |a RU 
105 |a y j 001zy 
200 1 |a Методика преподавания этики в высшей школе  |f под ред. С. Ф. Анисимова 
210 |a Москва  |c Высшая школа  |d 1980 
215 |a 144 с. 
320 |a Библиогр.: с. 138-143 
606 1 |a Методика преподавания  |x В высшей школе  |x Общественные и гуманитарные предметы  |2 stltpush  |3 (RuTPU)RU\TPU\subj\43485  |9 62979 
610 1 |a этика 
610 1 |a преподавание 
610 1 |a обучение 
610 1 |a вузы 
610 1 |a методика 
610 1 |a требования 
610 1 |a этические учения 
610 1 |a мораль 
610 1 |a нравственность 
610 1 |a учебные пособия 
686 |a Ч486.30я73  |v LBC/SL-A  |2 rubbk 
702 1 |a Анисимов  |b С. Ф.  |4 340 
801 1 |a RU  |b 63413507  |c 20161028 
801 2 |a RU  |b 63413507  |c 20200610  |g RCR 
942 |c BK